Scientific innovations for coastal resource management /

Bibliographic Details
Corporate Author: IGI Global Online
Other Authors: Ramos, Jorge (Editor), Drakeford, Benjamin (Editor), Leita̋o, Francisco (Editor)
Format: eBook
Language:English
Published: Hershey, PA : IGI Global, [2024]
Series:Advances in environmental engineering and green technologies (AEEGT) book series.
Subjects:
Online Access:Connect to the full text of this electronic book

MARC

Tag First Indicator Second Indicator Subfields
LEADER 00000nam a22000007i 4500
001 in00005506413
003 OCoLC
005 20240925140128.6
006 m o d
007 cr cnu---unuuu
008 240313s2024 pau ob 001 0 eng d
024 8 |a 40032461940 
040 |a OCLKB  |b eng  |e rda  |e pn  |c OCLKB  |d YDX  |d EBLCP  |d OCLCO  |d IGIGL  |d OCLCQ 
019 |a 1453618162 
020 |a 9798369324370  |q electronic book 
020 |z 9798369324363 
020 |z 9798369350577 
020 |a 9798369324387  |q (electronic bk.) 
035 |a (OCoLC)1426263190  |z (OCoLC)1453618162 
050 4 |a HT391  |b .S25 2024 
082 0 4 |a 333.917  |2 23 
245 0 0 |a Scientific innovations for coastal resource management /  |c Jorge Ramos, Benjamin Drakeford, Francisco Leita̋o [editors]. 
264 1 |a Hershey, PA :  |b IGI Global,  |c [2024] 
300 |a 1 online resource. 
336 |a text  |b txt  |2 rdacontent 
337 |a computer  |b c  |2 rdamedia 
338 |a online resource  |b cr  |2 rdacarrier 
490 1 |a A volume in the Advances in environmental engineering and green technologies (AEEGT) book series 
504 |a Includes bibliographical references and index. 
588 |a Description based on online resource; title from digital title page (viewed on September 06, 2024). 
505 0 |a Title Page -- Copyright Page -- Table of Contents -- Detailed Table of Contents -- Preface -- Acknowledgment -- Introduction -- Section 1: Management and Conservation -- Chapter 1: Impact of Scientific Innovation in Coastal Resource Management -- Chapter 2: The Effects of Marine Debris on Indonesia's Coral Reefs and Mitigation Initiatives -- Chapter 3: Impact of Ecological Constitution on Conservation of Marine Ecosystem -- Section 2: Fisheries -- Chapter 4: First Insight Into the Deployment of Artificial Reefs to Support Local Fisheries in São Tome and Príncipe 
505 8 |a Chapter 5: Same Ocean, Different Currents -- Chapter 6: Enhancing Ecosystem Services -- Section 3: Case Studies -- Chapter 7: Science Communication of Coastal and Marine Issues -- Chapter 8: Applying Ecohydrology to Promote a Nature-Based Solution -- Chapter 9: Analysing the Role of Artificial Reefs in Blue Tourism -- Chapter 10: Sport Events' Strategic Multi-Leverage -- Conclusion -- Compilation of References -- About the Contributors -- Index 
650 0 |a Coastal zone management. 
650 6 |a Littoral  |x Aménagement. 
655 7 |a Electronic books.  |2 local 
700 1 |a Ramos, Jorge,  |e editor. 
700 1 |a Drakeford, Benjamin,  |e editor. 
700 1 |a Leita̋o, Francisco,  |e editor. 
710 2 |a IGI Global Online 
776 1 8 |c Original  |z 9798369350577  |w (OCoLC)1433074616 
830 0 |a Advances in environmental engineering and green technologies (AEEGT) book series. 
856 4 0 |u http://proxy.library.tamu.edu/login?url=https://dx.doi.org/10.4018/979-8-3693-2436-3  |z Connect to the full text of this electronic book  |t 0 
945 |b 198754 
955 |a YBP purchased Galveston approval e-records 
980 |b ebook  |c 40032461940  |g 565741  |k USD  |m 275.00  |q 1  |s AcqMono Conventional  |t Approval plan  |u Vendor order reference number  |v ZYBP  |y Gal E-Approvals  |z Electronic resource 
999 f f |i 9d2ba702-fccb-4d24-8b6d-0b8e92f5b165  |s 48813141-766a-4e89-ae07-00ba5b4508e6  |t 0 
952 f f |a Texas A&M University  |b College Station  |c Electronic Resources  |s www_evans  |d Available Online  |t 0  |e HT391 .S25 2024  |h Library of Congress classification